000
00310nam a22001337a 4500
008
170228b xxu||||| |||| 00| 0 eng d
020
_a
9780781772075
041
_a
eng
080
_2
8 ED
_a
616.6 006
100
_a
6
101
_a
SHM
245
_a
CANCER PRINCIPLES OF ONCOLOGY
_c
DEVITA.V.T
942
_2
udc
_c
BK
999
_c
6420
_d
6420